Administración de empresas/ (Registro nro. 9227)

Detalles MARC
000 -LEADER
fixed length control field 00948nam a2200181Ia 4500
005 - FECHA Y HORA DE LA ÚLTIMA TRANSACCIÓN
control field 20230911085943.0
008 - FIXED-LENGTH DATA ELEMENTS--GENERAL INFORMATION
fixed length control field 230906s9999 xx 000 0 und d
040 ## - CATALOGING SOURCE
Original cataloging agency UPAN
Transcribing agency Biblioteca San Vicente
Description conventions RCAA2
041 ## - LANGUAGE CODE
Language code of text/sound track or separate title spa
082 ## - DEWEY DECIMAL CLASSIFICATION NUMBER
Classification number 658.9
Item number M517a
año de publicación s.n.
100 ## - MAIN ENTRY--PERSONAL NAME
Personal name Melgar, José
Relator code aut.
245 #0 - TITLE STATEMENT
Title Administración de empresas/
Statement of responsibility, etc José Melgar
260 ## - PUBLICATION, DISTRIBUTION, ETC. (IMPRINT)
Place of publication, distribution, etc s.l.:
Name of publisher, distributor, etc Oxcelotlan,
Date of publication, distribution, etc 1993
300 ## - PHYSICAL DESCRIPTION
Extent 256 p.;
Dimensions 24 cm.
505 ## - FORMATTED CONTENTS NOTE
Formatted contents note Área 1: <br/>1.1 Evolución del concepto de administración<br/>1.2. La empresa <br/>1.3 Las funciones de la empresa<br/>1.4 El proceso administrativo<br/>1.5 Concepto de administración de empresa<br/>1.6 Administración de empresas publicas y privadas<br/>1.7 Administración neoclásica<br/>Área 2: Mecánica administrativa<br/>2.1 Planeación<br/>2.2 Organización<br/>2.3 Funciones<br/>Área 3:Dinamica administrativa<br/>3.1 Integración<br/>3.2 Dirección<br/>3.3 El control <br/><br/>
650 ## - SUBJECT ADDED ENTRY--TOPICAL TERM
Source of heading or term LEMB
General subdivision Administración de empresas
942 ## - ADDED ENTRY ELEMENTS (KOHA)
Koha item type Libros
Source of classification or shelving scheme Dewey Decimal Classification
Existencias
Withdrawn status Lost status Source of classification or shelving scheme Damaged status Not for loan Collection code Home library Current library Date acquired Total Checkouts Full call number Barcode Date last seen Copy number Price effective from Koha item type
    Dewey Decimal Classification     Colección General Biblioteca UPAN San Vicente Biblioteca UPAN San Vicente 06/09/2023   658.9 M517a 12001835 06/09/2023 01 06/09/2023 Libros